| 000 | 00675cam a2200241 a 4500 | ||
|---|---|---|---|
| 005 | 20260322212017.0 | ||
| 008 | data | ||
| 010 | _a 86050062 | ||
| 020 |
_a094239416X : _c{dollar}34.95 |
||
| 020 |
_a9780942394160 : _c{dollar}34.95 |
||
| 040 |
_aDLC _cDLC _dDLC |
||
| 043 | _an-us-tx | ||
| 050 | 0 | 0 |
_aTR660.5 _b.B66 1986 |
| 082 | 0 | 0 |
_a779/.36/0924 _219 |
| 092 | _a779 B66 1986 | ||
| 100 | 1 | _aBones, Jim. | |
| 245 | 1 | 0 |
_aTexas : _bimages of the landscape / _cJim Bones. |
| 260 |
_aEnglewood, Colo. : _bWestcliffe Publishers, _cc1986. |
||
| 300 |
_a192 p. : _bcol. ill. ; _c37 cm. |
||
| 650 | 0 |
_aLandscape photography _zTexas. |
|
| 651 | 0 |
_aTexas _xPictorial works. |
|
| 001 | data | ||
| 999 |
_c379 _d379 |
||